[Event "87th Tata Steel Masters 2025"]
[Site "Wijk aan Zee"]
[Date "2025.01.31"]
[Round "11.5"]
[White "Caruana, Fabiano"]
[Black "Praggnanandhaa, Rameshbabu"]
[Result "0-1"]
[WhiteElo "2803"]
[BlackElo "2741"]
[Annotator "Chessbase - Stockfish 17"]
[PlyCount "74"]
[EventDate "2025.??.??"]
[EventCountry "NED"]

{[%evp 13,74,15,17,18,18,18,11,17,3,0,10,0,52,0,28,-8,0,0,0,-6,0,-12,54,63,92,64,60,53,62,54,54,56,47,37,41,52,57,57,65,28,52,29,52,25,42,0,0,0,0,0,0,-198,-197,-190,-188,-2817,-2236,-6187,-5721,-29972,-29972,-5389,-1393]} 1. c4 e6 2. Nc3 d5 3. d4 Nf6 4. cxd5 exd5 5. Bg5 c6 6. e3 Bd6 7. Bd3 O-O 8. Nge2 {D35: Queen's Gambit Declined: Exchange Variation.} Re8 9. h3 (9. Qc2 h6 10. Bh4 a5 11. h3 Na6 12. a3 Nc7 13. O-O Ne6 14. f4 Be7 15. Bf2 b5 16. Ng3 Bd7 17. Nf5 Bf8 18. g4 b4 19. Na4 Ne4 20. Ng3 b3 21. Qxb3 Nd2 22. Qc2 Nxf1 23. Rxf1 Rc8 {Ponkratov,P (2582)-Matlakov,M (2677) chess.com INT 2023 0-1 (48)}) 9... Nbd7 (9... a5 10. Qc2 h6 11. Bh4 Na6 12. a3 Nc7 13. Bg3 Bxg3 14. Nxg3 c5 15. dxc5 d4 16. Nd1 Nfd5 17. O-O Qh4 18. exd4 Nf4 19. Ne3 Bxh3 20. Rfe1 Rxe3 21. Rxe3 Bxg2 22. Be4 Qh3 23. Bf5 Qh4 24. Be4 {Badacsonyi,S (2289)-O'Gorman,T (2388) England ENG 2025 ½-½}) 10. Qc2 {[%cal Yd3h7] The position is equal.} ({RR} 10. O-O Nf8 11. Qd2 Ne6 12. Bh4 Be7 13. Qc2 h6 14. Bg3 Bd7 15. a4 Rc8 16. a5 c5 17. dxc5 Bxc5 18. Rfd1 d4 19. exd4 Nxd4 20. Nxd4 Bxd4 21. Qb3 Be5 22. Bc4 Bxg3 23. Bxf7+ Kh8 24. Bxe8 Qxe8 {Daaevik Wadhawan (2370)-Gunawardhana,D (2272) Budapest HUN 2026 1-0 (44)}) 10... Nf8 11. O-O-O b5 $146 {[%mdl 8] An interesting novelty.} (11... a5 12. Kb1 (12. g4 b5 13. Bf4 a4 14. Kb1 Ba6 15. Bxd6 Qxd6 16. Ng3 N6d7 17. Nf5 Qb8 18. Ne2 g6 19. Nh6+ Kg7 20. g5 Rc8 21. f4 b4 22. Bxa6 Rxa6 23. Qd2 f5 24. h4 Qb5 25. h5 Nb6 26. hxg6 {Grebnev,A (2486)-Popov,I (2627) Moscow RUS 2022 1-0 (33)}) 12... Be7 13. g4 b5 14. Rc1 Ba6 15. f3 a4 16. Nd1 b4 17. Bxa6 Rxa6 18. Qd3 Rb6 19. Nf2 Ne6 20. h4 Bf8 {½-½ (20) Poltorak,S (2372)-Sumets,A (2521) Wolfsburg GER 2024}) 12. Kb1 a5 $146 {Inaccuracy. Be7 was best.} (12... Be7 13. Ng3) ({RR} 12... Be7 13. Bf4 a5 14. g4 Ba6 15. f3 a4 16. Ng3 g6 17. h4 Qa5 18. Nce2 b4 19. Bxa6 b3 20. Qxc6 Rxa6 21. Bc7 bxa2+ 22. Kxa2 Qb4 23. Qxa6 Qb3+ 24. Kb1 a3 25. Rd2 axb2 26. Rd3 Qb4 27. Nc3 {Aravindh,C (2703)-Madaminov,M (2552) Doha QAT 2025 1-0 (59)}) 13. f3 $6 {Inaccuracy. e4 was best.} (13. e4 Be7) 13... Be7 14. Bxf6 Bxf6 15. e4 a4 16. a3 {[#]} b4 $1 17. axb4 a3 (17... Be6) 18. b3 $14 Qb6 $6 {Inaccuracy. a2+ was best.} (18... a2+ 19. Ka1) 19. Ka2 dxe4 (19... Bxd4 $6 20. Nxd4 (20. exd5 c5 $14) 20... Qxd4 21. b5 $16) (19... Qxb4 20. exd5 Bb7 (20... Bxd4 $2 21. Nxd4 c5 22. Nc6 $18) 21. Ne4 cxd5 22. Nxf6+ gxf6 23. Qc5 $16) 20. fxe4 Bxd4 21. Nxd4 Qxd4 22. b5 (22. Bc4 Qb6) 22... Bd7 {[%cal Yc8d7,Yd7c6,Yc6e8,Ye8a4][%mdl 32]} 23. Bc4 Qa7 24. bxc6 (24. Rhf1 Be6 (24... Re7 25. Qf2 $14)) 24... Bxc6 25. Rhf1 Re7 26. Nd5 Rb7 27. Rf5 Rc8 {[%cal Yc6a4]} 28. Qd3 {Strongly threatening Ba6.} Ne6 29. Rdf1 Be8 30. R5f2 Qb8 31. Rc2 {[%cal Yf1f2]} Nc5 32. Qe3 $4 {Blunder. Qe2 was best. [#]} (32. Qe2 Kh8) 32... Nxb3 $1 $19 {[%mdl 512]} 33. Rb1 {[#]} (33. Bxb3 $2 {is the wrong capture.} Rxc2+ 34. Bxc2 Rb2+ 35. Kxa3 Rxc2 $19) 33... Ba4 34. Bd3 $4 {Blunder. Qf2 was best. [#]} (34. Qf2 Na5 (34... Nd4) 35. Ne7+ Kh8 36. Rxb7 Qxb7 37. Nxc8 Bxc2 (37... Qxc8 38. Rc3 $17) (37... Nxc4 38. Qc5 $18) 38. Qxc2 Nxc4 (38... Qxc8 39. Bb3 $15) 39. Ne7) 34... Nc5 $1 {[%mdl 512]} 35. Ne7+ (35. Rxb7 Qxb7) 35... Kh8 36. Rxb7 Qxb7 37. Ba6 Qxe7 {Weighted Error Value: White=0.65/Black=0.09 (flawless) Loses game: 	White=1 	--- Mistake: 	White=2 	Black=2 Inaccurate: 	White=6 	Black=2 OK: 	White=10 	Black=11 Best: 	White=2 	--- Brilliant: 	--- 	Black=2 Precisão Stockfish 17: Brancas 85% Pretas 96% Precisão Chess.com: Brancas 87.1% Pretas 94.4%} (37... Bb3+ 38. Ka1 Qxa6 (38... Qxe7 $2 39. Rc3 $19)) 0-1

[Event "Beijing FIDE GP"]
[Site "Beijing"]
[Date "2013.07.11"]
[Round "7"]
[White "Ivanchuk, Vassily"]
[Black "Morozevich, Alexander"]
[Result "1-0"]
[WhiteElo "2733"]
[BlackElo "2736"]
[Annotator "Krasenkow,Michal"]
[PlyCount "97"]
[EventDate "2013.07.04"]
[EventType "tourn"]
[EventRounds "11"]
[EventCountry "CHN"]
[EventCategory "21"]
[SourceTitle "CBM 156"]
[Source "ChessBase"]
[SourceDate "2013.09.17"]
[SourceVersion "1"]
[SourceVersionDate "2013.09.17"]
[SourceQuality "1"]

1. Nf3 d5 2. d4 Bf5 3. c4 e6 4. Nc3 Nf6 5. cxd5 exd5 6. Qb3 Nc6 7. Bg5 ({It is well-known that} 7. Qxb7 $6 Nb4 {is favourable for Black.}) 7... Na5 8. Qa4+ c6 9. Bxf6 gxf6 {So, White has managed to damage Black's pawn structure but Black has a pair of active bishops. The position is dynamically balanced.} 10. e3 Qb6 (10... b5 {is interesting but hardly correct; Black doesn't get compensation for the weakening of his position:} 11. Qd1 $1 (11. Nxb5 Rb8 12. Nd2 $6 (12. Nc3 Rxb2 13. Rc1 Bb4 $13) 12... cxb5 13. Bxb5+ Ke7 14. O-O Qb6 15. Be2 Qb4 16. Qd1 Bh6 $17 {0-1 (41) Young,A (2413)-Mitkov,N (2515) Bolingbrook 2005}) (11. Bxb5 cxb5 12. Qxb5+ Bd7 13. Qxd5 Be7 $13) 11... Nc4 (11... Bb4 12. Bd3 Bg6 13. O-O Nc4 {1-0 (62) Abbasov,F (2528)-Naiditsch,A (2624) Baku 2008} 14. Bxc4 dxc4 (14... bxc4 15. Qa4) 15. Nd2 $14) 12. Bxc4 bxc4 13. O-O (13. Qa4 Qd7 14. e4 dxe4 15. Nh4 Be6 16. Nxe4 Be7 17. O-O O-O 18. Rfd1 Kh8 19. Nc5 $14 {0-1 (41) Yuferov,S (2430)-Vyzmanavin,A (2480) Belarus 1983}) 13... Bd3 14. Re1 Qb6 15. Qa4 O-O-O 16. b3 cxb3 17. axb3 Kb7 18. Rec1 Bb4 19. Qa2 $1 $16 {1-0 (28) Uhlmann,W-Opocensky,K Leipzig 1965}) ({RR} 10... b5 11. Qd1 Qd7 12. Nh4 Be6 13. Bd3 Nc4 14. Qc2 Rg8 15. g3 h6 16. O-O-O O-O-O 17. Kb1 Kb7 18. Ka1 Ka8 19. Rc1 Rc8 20. Rhd1 Qb7 21. b3 Nb6 22. Qb2 Qa6 23. Nb1 Rc7 24. Rc2 Bd6 25. Nf5 {Ruck,R (2508)-Indjic,A (2650) Hungary HUN 2026 ½-½ (32)}) 11. O-O-O O-O-O (11... Qb4 12. Qxb4 Bxb4 13. Bd3 Bg6 14. Ne2 b5 15. Nh4 Nc4 16. Nf5 $14 {1/2 (37) Panchenko,AG-Fadeev,V Kharkov 1984}) 12. Bd3 Bg6 (12... Bxd3 {is the exchange White wants to force although even then exploiting the weakness of the f5-square will not be an easy task:} 13. Rxd3 Nc4 14. Qc2 Kb8 15. Nd2 Qa6 (15... Nd6 16. Na4 $5) 16. Kb1 b5 17. Ka1 Ka8 18. Ncb1 f5 19. Nb3 Bb4 20. g3 h5 21. Rdd1 Qc8 22. Nc1 Qd7 23. Nd3 Bd6 24. Nd2 $14 {1-0 (52) Von Herman,U (2332)-Ehrke,M (2244) Germany 2005}) (12... Be6 {is less natural than the text move:} 13. Qc2 Nc4 14. Nd2 Nxd2 15. Rxd2 h6 16. Na4 Qc7 17. a3 Kb8 18. Kb1 Bd6 19. g3 Rhe8 20. Rc1 Bh3 21. b4 $36 {1/2 (70) Mamedyarov,S (2607)-Eid,F (2431) Dubai 2003}) 13. a3 $146 {[%mdl 32] White starts a new plan.} (13. h4 {was played in a few games:} h5 $142 (13... Rg8 14. Bxg6 (14. g3 Bb4 $5 15. Ne2 Nc4) 14... fxg6 15. h5 Nc4 16. Qc2 Kb8 17. Nd2 Nxd2 18. Qxd2 Rd7 19. Qc2 f5 20. Kb1 Bd6 21. g3 Rf7 22. hxg6 hxg6 23. Rh6 Bf8 24. Rh3 $14 {1-0 (68) Pogorelov,R (2507)-Westerinen,H (2399) Andorra 1999}) 14. Bxg6 fxg6 15. Nd2 Kb8 16. Qc2 f5 17. Na4 Qb5 18. Kb1 Bb4 19. Nc3 Qb6 20. g3 Rhe8 $11 {1-0 (42) Smirnov,A (2286)-Biriukov,I (2343) St Petersburg 2002}) ({RR} 13. Nh4 Kb8 14. Nxg6 hxg6 15. h4 f5 16. h5 Bd6 17. hxg6 fxg6 18. g3 a6 19. Kb1 Qc7 20. Qc2 Nc4 21. Rxh8 Rxh8 22. Bxc4 dxc4 23. e4 Qf7 24. d5 cxd5 25. exf5 gxf5 26. Nxd5 Rc8 27. Ne3 f4 {Shchekachev,A (2531)-Ivanisevic,I (2653) Berlin 2015 ½-½ (33)}) 13... Kb8 14. Rhe1 Rg8 15. Nh4 Bxd3 {After all Black agrees to trade these bishops.} (15... Bh5 $5 16. f3 Bg6 {looks appropriate in order to weaken White's solid pawn structure a little bit.} 17. Nxg6 hxg6 18. b4 Nc4 19. Bxc4 dxc4 {doesn't look dangerous for Black.}) 16. Rxd3 c5 $6 {This move looks logical: Black wants to make use of the fact that White's h4-knight is temporarily out of play; however, it creates a new weakness: the d5-pawn. It was better to play positionally:} (16... Nc4 $1 17. Re2 f5 $5 18. g3 Rg5 $13 {Black's strong c4-knight compensates for his double f-pawns.}) 17. Kb1 (17. dxc5 $4 {was impossible due to} Nb3+ {but after the text move 18.dxc5 is a threat.}) (17. Qb5 $5) 17... Rg4 (17... Nc4 18. Qb5 $1 Qe6 19. dxc5 $1 a6 {runs into} 20. Qxc4 $1 dxc4 21. Rxd8+ Ka7 22. Red1 $36 {[%csl Rf8,Rg8] Therefore Black inserts the text move.}) 18. g3 Nc4 (18... c4 {is not what Black wanted: his only "achievement" would be a weakness on d5.}) 19. Qb5 $1 {Of course, Black's weaknesses can be more easily exploited in the endgame.} Qe6 $1 20. dxc5 a6 21. Qb3 Bxc5 (21... d4 22. Nf3 $1 Bxc5 {[%cal Rc4a3]} 23. Ka1 $1 $16) 22. Re2 ({Here, too,} 22. Nf3 $5 {was possible:} Rd6 (22... Qf5 $2 23. e4 $1) (22... d4 23. Ka1 $1 $16) 23. Qd1 {, and the attack like} Bxa3 24. bxa3 Rb6+ 25. Ka1 {doesn't bring Black any success: he has nothing better than} Nb2 26. Qc2 Nxd3 27. Qxd3 $16) (22. Ka1 $5 {was another good option but it allowed Black to activate his bishop:} Bd4 $1 23. Rc1 Be5 {although White's position is still preferable after} 24. Qd1 Qb6 25. Qe2) 22... Rd6 ({Black misses} 22... d4 $1 {[%cal Rc4d2,Rc4e5,Rc4a3]} 23. Nf3 $1 (23. Qd1 dxc3 $1 24. Rxd8+ Ka7 25. bxc3 Qb6+ 26. Ka2 Qa5 $44) 23... Nxa3+ $1 24. Ka2 Nb5 25. Nxb5 axb5 26. Rc2 (26. Qxe6 fxe6 27. exd4 e5) 26... Bb6 27. exd4 Rd6 {with more drawing chances. After the text move he simply loses his d5 pawn.}) 23. Qd1 $1 Rg8 24. Rxd5 Rc8 $1 {The best way of counterplay.} (24... Rgd8 $143 25. e4) 25. Nf5 (25. Ka1 Rdc6 $1) (25. Nf3 $5 {was probably better than the text move.}) 25... Rb6 $2 {[%mdl 64]} (25... Rxd5 $1 26. Qxd5 Nxa3+ $1 27. bxa3 Bxa3 {was the only tactical possibility allowing Black to stay in the game. Due to the unfortunate position of his f5-knight, White can't save his extra piece, and after} 28. Nd4 $1 (28. Qxe6 fxe6 {[%cal Re6f5,Rc8c3]}) 28... Qb6+ 29. Ncb5 $1 Bc5 $1 {the position remains unclear.}) 26. Ka2 (26. Na4 {was simpler since} Nxa3+ $2 {didn't work due to} 27. Ka1) 26... Bd6 $2 {A blunder losing the whole game but Black had no satisfactory continuation anyway:} (26... Rbc6 27. Nd4 $1 Bxd4 28. exd4 $18) (26... Ka7 27. Na4) 27. Nd4 Qe7 28. Na4 $18 {[%csl Rb6]} Bxa3 {Desperation.} 29. Nxb6 Nxb6 30. Rh5 Rc5 31. bxa3 $5 {An unnecessary "brilliancy".} (31. Rc2 $5 $18) 31... Rxh5 32. Rb2 Rxh2 (32... Ra5 33. Qb3 Ka8 34. Qxb6 Qxa3+ 35. Kb1 Qd3+ 36. Rc2 Qd1+ 37. Kb2 Qa1+ 38. Kb3 Qb1+ (38... Qa3+ 39. Kc4) 39. Rb2 Qd3+ 40. Kb4 Qa3+ 41. Kc4 {, and White's king escapes.}) 33. Qb3 (33. Qg1 $5) 33... Qc5 34. Qxb6 Qxb6 35. Rxb6 Rxf2+ 36. Rb2 {, and White easily converted his extra piece:} Rf1 37. Rh2 Rg1 38. Nf5 Rf1 39. e4 Re1 40. Rh4 Kc7 41. Rxh7 Rxe4 42. Rxf7+ Kc6 43. Rxf6+ Kc5 44. Rf8 b5 45. Rc8+ Kd5 46. g4 Rf4 47. Ne3+ Kd4 48. Nc2+ Ke4 49. Re8+ 1-0

[Event "EU-chT (Men) 20th"]
[Site "Reykjavik"]
[Date "2015.11.13"]
[Round "1.1"]
[White "Ivanchuk, Vassily"]
[Black "Lupulescu, Constantin"]
[Result "1-0"]
[WhiteElo "2720"]
[BlackElo "2631"]
[Annotator "Sagar,Shah"]
[PlyCount "89"]
[EventDate "2015.11.13"]
[EventType "team-swiss"]
[EventRounds "9"]
[EventCountry "ISL"]
[SourceTitle "CBM 170"]
[Source "ChessBase"]
[SourceDate "2016.01.15"]
[SourceVersion "1"]
[SourceVersionDate "2016.01.15"]
[SourceQuality "1"]
[WhiteTeam "Ukraine"]
[BlackTeam "Romania"]
[WhiteTeamCountry "UKR"]
[BlackTeamCountry "ROU"]

1. d4 {Ftacnik,Lubomir} Nf6 2. c4 e6 3. Nf3 d5 4. Nc3 Be7 5. Qc2 $5 {This move is much less popular than 5.f4 or 5.g5 but it is quite interesting. White would like to transpose to the 5.g5 lines at an appropriate moment, maybe inserting cxd5 in between. Meanwhile he has to be ready for the complications that arise after 5...c5!?} O-O (5... c5 {is critical but I am sure Ivanchuk was ready for sharp lines like} 6. dxc5 d4 7. Nb5 e5 8. Nxe5 a6 9. Na3 O-O $44) 6. cxd5 exd5 7. Bg5 {We have transposed to a normal line of the Queen's Gambit Declined Exchange Variation. More often you see the move e3 instead of c2. So Lupulescu tries to take advantage of this fact by developing his knight to a6 and threatening ...b4.} h6 {.} ({RR} 7... c5 8. dxc5 Qa5 9. e3 Nc6 ({RR} 9... Qxc5 10. Be2 Nc6 11. Rd1 Be6 12. O-O h6 13. Bh4 g5 ({RR} 13... Ne4 14. Bxe7 Nxe7 15. Nd4 Nxc3 16. bxc3 Rac8 17. Qa4 Nf5 18. Nxe6 fxe6 19. e4 Ne3 20. fxe3 Qxe3+ 21. Kh1 Qxe2 22. Rfe1 Qf2 23. exd5 exd5 24. Qb3) 14. Bg3 Ne4 15. Nd4 Nxd4 16. exd4 Qc6 17. Bb5 Qb6 18. Nxe4 Qxb5 19. Nc3 Qd7 20. Rde1 Rae8 21. f4 f5 22. fxg5 hxg5 23. Be5 Rf7 24. Qe2) 10. Bb5 Nb4 ({RR} 10... a6 11. Be2 Qxc5 12. Rd1) 11. Qa4 ({RR} 11. Qd2 a6 12. Ba4 Qxc5 13. O-O) 11... Qxa4 12. Bxa4 Nd3+ 13. Ke2 Nxc5 ({RR} 13... Nxb2 14. Bb3 b6 15. cxb6 Ba6+ 16. Kd2 axb6 17. Bxf6 Bxf6 18. Nxd5) 14. Bc2 Be6 15. Nd4 Rac8 16. Rac1 g6 ({RR} 16... h6 17. Bh4 Bg4+ 18. f3 Be6 19. Rhd1) 17. Rhd1 Rfd8 18. Bb1 ({RR} 18. a3 Kg7 19. h3) 18... a6 19. a3 Kg7 20. Ba2 ({RR} 20. b4 Ncd7 21. Bd3 Ne5 22. Na4) 20... h6 21. Bh4 ({RR} 21. Bf4 Ncd7 22. e4 Nb6 23. Nxe6+ fxe6 24. exd5 exd5 25. Be5) 21... g5 22. Bg3 {Bacrot,E (2715)-Bologan,V (2683) Poikovsky 2005 CBM 106 [Ftacnik,Lubomir] 1-0 (44)} {RR} b5 23. b4 Nce4 24. Nxe4 Rxc1 25. Rxc1 Nxe4 26. Be5+) 8. Bh4 Na6 $5 ({RR} 8... Re8 9. e3 c5 10. Bd3 Nc6 11. dxc5 Bxc5 12. Bxf6 gxf6 13. O-O Bg4 14. Be2 d4 15. Nxd4 Nxd4 16. exd4 Qxd4 17. Rad1 Qf4 18. Bxg4 Qxg4 19. Nd5 Bd4 20. Qd2 Re4 21. Qxh6 Qg6 22. Qxg6+ fxg6 23. g3 {Haydon,D (2298)-Pasti,Z (2119) chess.com INT 2026 ½-½ (41)}) 9. e3 (9. a3 {keeps the knight out of b4, but loses further time and Black can be quick to hit out in the centre with} c5 10. e3 {But here too I think White maintains a slight edge because the knight on a6 is not particularly well placed.} c4 $5 11. Ne5 Be6 12. Be2 Nc7 13. O-O Nd7 {with a playable position for Black although White should hold a small edge here because of the e6 bishop not being such a great piece.} (13... b5 14. Nc6 $16)) 9... Nb4 10. Qb3 $146 ({RR} 10. Qd1 Bf5 11. Rc1 c5 12. a3 Nc6 13. dxc5 g5 14. Bg3 Bxc5 15. Nxd5 Bb6 16. Bc4 Nxd5 17. Qxd5 Qf6 18. O-O Rad8 19. Qb5 Na5 20. Be5 Qg6 21. Be2 Bd7 22. Qb4 Nc6 23. Qc3 Rc8 24. Qd2 Rcd8 {Abelgas,R (2220)-Nguyen,P (2190) Hanoi 2022 ½-½ (57)}) ({RR} 10. Qd1 Bf5 11. Rc1 c5 12. a3 Nc6 13. dxc5 g5 14. Bg3 Bxc5 15. Nxd5 Bb6 16. Bc4 Nxd5 17. Qxd5 Qf6 18. O-O Rad8 19. Qb5 Na5 20. Be5 Qg6 21. Be2 Bd7 22. Qb4 Nc6 23. Qc3 Rc8 24. Qd2 Rcd8 {Abelgas,R (2220)-Nguyen,P (2190) Hanoi 2022 ½-½ (57)}) 10... Bf5 11. Rc1 c5 {Lupulescu's last move is a clear indication that he wants to make use of his lead in development. The computers do not agree with this move but from a human point of view nothing looks more normal than this.} 12. dxc5 $1 Qa5 13. Nd4 $1 {Ivanchuk knows no fear and continues moving his pieces which have already been developed.} Nd3+ (13... Bg6 14. Be2 Nd3+ 15. Bxd3 Bxd3 16. c6 {transposes to the game.}) 14. Bxd3 Bxd3 {At first sight this looks pretty good for Black who has prevented his opponent from castling. But the Ukrainian has seen further.} 15. c6 $5 (15. Qxb7 $1 {was extremely strong, but humans don't play this way when their king is in the centre. As we are in analysis mode, it would make sense to consider moves like these. As of now the bishop on e7 is hanging.} Bxc5 (15... Qxc5 16. Nc6 $1 Rfe8 17. Nxe7+ Qxe7 {You cannot take with the rook as the one on a8 will be left hanging.} 18. Qxe7 Rxe7 19. Bxf6 gxf6 20. Nxd5 $18) 16. Bxf6 gxf6 17. Nb3 $1 $18) 15... Bc4 16. Qa4 {This is a human reaction. When you are up a pawn it looks natural to exchange the queens.} (16. Qxb7 Bb4 17. Bxf6 gxf6 18. c7 $18 {and the c-pawn looks like a winner!}) 16... Qc5 (16... Qxa4 17. Nxa4 bxc6 18. Nxc6 Bd6 {is the best line of play according to the computer. But for a human player it looks pretty bad to go into such an ending with a pawn deficit.} 19. Bxf6 gxf6 20. b3 Bb5 21. Nd4 $16) 17. cxb7 {Ivanchuk chomps another pawn. As of now he is two pawns up and his king looks pretty safe on e1.} Rab8 18. b3 Bd3 19. Kd2 $1 {This bold move is the best in the position and the king stands pretty well on d2.} Bg6 (19... Ne4+ $2 20. Nxe4 $18 {[%cal Gc1c5]}) 20. Bxf6 $1 {A nice simplifying idea.} Bxf6 21. Ne4 $1 Qe7 22. Nc5 (22. Nc6 $1 {would have been very strong. I wonder why Ivanchuk rejected it because it looks pretty straightforward.} Qxb7 (22... Qxe4 23. Qxe4 Bxe4 24. Nxb8 Rxb8 25. Rc8+ $18) (22... Qe6 {might have been the move that Ivanchuk would have been afraid of.} 23. Nxb8 dxe4 (23... Bxe4 24. Nd7 $1 $18) 24. Nd7 Qd5+ 25. Ke1 Qxb7 26. Nxf8 $18) 23. Nxf6+ gxf6 24. Nxb8 Rxb8 25. Qd4 $18) 22... Be5 23. g3 (23. Nc6 {is still pretty strong.} Qg5 24. Nxb8 Qxg2 25. Rhf1 $18) 23... Bd6 24. Nd7 Bb4+ 25. Ke2 Bh5+ 26. Kf1 (26. f3 Rfe8 27. Nf5 Bxf3+ {This looks pretty scary as xf3 is met by ...e4+ but White can win over here with the sly move} 28. Kf2 $1 Qe4 29. Nxb8 $18 {[%cal Ga4e8]}) 26... Bd2 27. Rc2 (27. Rc7 {was strong. Ivanchuk's move looks winning on the surface, but it gives Black strong counterplay.} Qe4 (27... Bxe3 28. Nf5 $1 Qe6 29. Nxe3 $18) 28. Rg1 $1 {A quiet move asking Black what is the next move for the attack.} Qb1+ 29. Kg2 Qe4+ 30. f3 $18) 27... Rxb7 $1 28. Nxf8 (28. Rxd2 Qe4 $1 (28... Rxd7 29. h3 $16 {would be a simple IQP position where White is better}) 29. Rg1 Rc8 $13 {Things are getting out of control and it is no longer easy for White to win. He might well be in danger of losing.}) 28... Rb4 $6 (28... Qe4 $1 {would have muddied the waters to quite some extent.} 29. Kg1 (29. Rg1 Qd3+ 30. Kg2 Qe4+ 31. f3 {As compared to some variations that we have seen previously, over here the rook on c2 is hanging and this helps Black to take the pawn on f3.} Bxf3+ $1 32. Nxf3 (32. Kf1 Qd3+ 33. Kf2 Qxe3+ $19) 32... Qxc2 $13 {This is complete chaos.}) 29... Rb4 {The threat is to take the knight on d4. You can see how poorly the rook is placed on c2.} 30. Rxd2 $1 (30. Qxa7 Rxd4 31. Qxd4 Qxc2 32. Kg2 Qf5 33. Qf4 Qxf4 34. exf4 Kxf8 {I am not sure how we can assess this position but it looks like both sides are in danger of losing, which is bad news for White.}) 30... Rxa4 31. bxa4 Qb1+ 32. Kg2 Qe4+ 33. f3 Qxe3 34. Rhd1 Kxf8 35. g4 $16 {White is better, but winning this will not be a piece of cake.}) 29. Rc8 $1 {Maybe this is the move overlooked by Lupulescu. If it were not for this move or the tricky g6+!? White would lose most of his advantage.} Qe4 (29... Rxa4 30. Ng6+ $18) 30. Nfe6+ Kh7 31. Nf8+ Kg8 {Repeating the position to gain time on the clock.} 32. Ng6+ $1 {Ivanchuk finds the only way to win.} Kh7 33. Rh8+ Kxg6 34. Qc6+ {An important intermediate check to force the pawn to f6.} f6 (34... Kg5 35. h4+ Kg4 36. Qd7+ (36. f3+ $1 $18) 36... f5 37. Qxg7+ $18) 35. Qe8+ $1 {The queens are exchanged and White's material advantage is brought home.} Qxe8 36. Rxe8 Bc3 37. Nc2 Re4 38. Rxe4 dxe4 39. Nd4 Bf3 40. Nxf3 exf3 {This would have been a nice position for Black had there been pawns on h3 and g4. But here the rook gets into the game quite easily.} 41. g4 h5 42. gxh5+ Kxh5 43. Rg1 g5 44. Rg3 g4 45. h3 (45. h3 f5 46. hxg4+ fxg4 47. Rg1 $18 {[%cal Gg1h1,Gh1h7] A very nice first half by Ivanchuk who got a completely decisive advantage out of the opening. But then he messed it up with some inaccurate moves and gave his Romanian opponent chances to make the game complicated. Lupulescu was not in the best of form and couldn't really exploit his opportunities after which the Ukrainian waltzed home with the full point.}) 1-0